=LDR 00000nam 2200000 4500 =001 INLIS000000000010024 =005 20130612101750 =008 ***********************************ind** =035 ##$$0010-061300000010024 =041 ##$$a ind =082 ##$$a F Rom K =090 ##$$a F Rom K, Dul e =100 ##$$a Dulche, Yolanda Vargas =245 ##$$a Empat serangkai, Yolanda Vergas Dulche =260 ##$$a 1996 $b Jakarta =300 ##$$a 32 hlm, ilus, 21 cm =650 ##$$a Fiksi anak-anak =850 ##$$a NBPNMAT